000 00208nam a22000857a 4500
008 161111b xxu||||| |||| 00| 0 eng d
100 _91139
_aDutta. S
245 _aAncient Stories
260 _aNew Delhi
_bNCERT
_c1999
999 _c3799
_d3799